书目信息 |
| 题名: |
数据结构
|
|
| 作者: | 李平 编 | |
| 分册: | ||
| 出版信息: | 北京 电子工业出版社 1986.04 |
|
| 页数: | 149页 | |
| 开本: | 26cm | |
| 丛书名: | ||
| 单 册: | ||
| 中图分类: | TP311.12 | |
| 科图分类: | ||
| 主题词: | 软件 | |
| 电子资源: | ||
| ISBN: | 7-5053-1500-5 | |
| 000 | 00535nam0 2200205 450 | |
| 001 | 0853402936 | |
| 005 | 20080107145837.00 | |
| 010 | @a7-5053-1500-5@dCNY7.80 | |
| 100 | @a20080107d1986 km y0chiy0120 ea | |
| 101 | 0 | @achi |
| 102 | @aCN@b110000 | |
| 200 | 1 | @a数据结构@Ashu ju jie gou@f李平编@Fli ping bian |
| 210 | @a北京@c电子工业出版社@d1986.04 | |
| 215 | @a149页@d26cm | |
| 300 | @a职业学校教材 | |
| 606 | 0 | @a软件 |
| 690 | @aTP311.12@v4 | |
| 701 | 0 | @a李平@Ali ping@4编 |
| 801 | 0 | @aCN@bPFT@c20080107 |
| 905 | @aBZT@dTP311.12@e18 | |
| 数据结构/李平编.-北京:电子工业出版社,1986.04 |
| 149页;26cm |
| 职业学校教材 |
| ISBN 7-5053-1500-5:CNY7.80 |
| ● |
| 相关链接 |
|
|
|
正题名:数据结构
索取号:TP311.12/18
 
预约/预借
| 序号 | 登录号 | 条形码 | 馆藏地/架位号 | 状态 | 备注 |
| 1 | 067517 | 220003987 | 中心书库中库/ 中库028架A面1列5层36/ [索取号:TP311.12/18] | 在馆 | |
| 2 | 067518 | 220003990 | 中心书库中库/ 中库028架A面1列5层37/ [索取号:TP311.12/18] | 在馆 | |
| 3 | 067519 | 220003989 | 中心书库中库/ 中库028架A面1列5层40/ [索取号:TP311.12/18] | 在馆 | |
| 4 | 067524 | 220003992 | 中心书库中库/ 中库028架A面1列5层42/ [索取号:TP311.12/18] | 在馆 | |
| 5 | 067525 | 220003991 | 中心书库中库/ 中库028架A面1列5层41/ [索取号:TP311.12/18] | 在馆 | |
| 6 | 067526 | 220003994 | 中心书库中库/ 中库028架A面1列5层43/ [索取号:TP311.12/18] | 在馆 | |
| 7 | 067527 | 220003993 | 中心书库中库/ 中库028架A面1列5层38/ [索取号:TP311.12/18] | 在馆 | |
| 8 | 067528 | 220003996 | 中心书库中库/ 中库028架A面1列5层39/ [索取号:TP311.12/18] | 在馆 |